000 00699nam a22002177a 4500
999 _c13979
_d13979
003 AR-CdUCM
008 190417b ||||| |||| 00| 0 spa d
020 _a968-6524-37-1
040 _aMUNICIPALIDAD PROVINCIAL DEL CUSCO
_cBIBLIOTECA MUNICIPAL DEL CUSCO
082 _a745 /
_bP86
110 _aInstituto Nacional Indigenista
_932628
245 _aPrimer encuentro continental de la pluralidad /
260 _aMexico :
_bTurmex,,
_c1992.
300 _a142 paginas ;
_bIlustraciones,
_c35 cm.
505 _aContenido :Pluralidad de México Fotografías.
650 _aMexico
_918
650 _aCostumbres
_9230
650 _aTradiciones
_9229
942 _2ddc
_cLIBROS
945 _awnts
_d2019-04-17